Historyczni przywódcy państw - Statystyki

Ogólne statystyki
  • Ten quiz został rozwiązany 127 razy
  • Średni wynik to 13 z 20
Statystyki odpowiedzi
Państwo Lata rządów Przywódca % Poprawnych
ZSRR 1922-1953 Józef Stalin
100%
Francja 1804-1814, 1815 Napoleon Bonaparte
98%
Niemcy 1933-1945 Adolf Hitler
95%
Polska 1990-1995 Lech Wałęsa
95%
Wielka Brytania 1940-45, 1951-55 Winston Churchill +1
90%
Włochy 1922-1943 Benito Mussolini
83%
Chiny 1949-1976 Mao Zedong
80%
Grecja/Macedonia 336-323 p.n.e. Aleksander Macedoński
76%
Polska 1970-1980 Edward Gierek
75%
Hiszpania 1939-1975 Francisco Franco
72%
USA 1961-1963 John F Kennedy
70%
RPA 1994-1999 Nelson Mandela
68%
Jugosławia 1937-1980 Josip Broz Tito
63%
Francja 768 (800)-814 Karol Wielki
58%
Francja 1959-1969 Charles de Gaulle
46%
Chile 1973-1989 Augusto Pinochet
39%
Irak 1973-2003 Saddam Husajn
36%
Uganda 1971-1979 Idi Amin
23%
Rumunia 1965-1989 Nicolae Ceaușescu
23%
Zimbabwe 1987-2017 Robert Mugabe
20%
Nie znaleziono quizów pasujących do podanych kryteriów
Rozkład punktacji
Procent ludzi z każdym wynikiem
Percentyl według liczby udzielonych odpowiedzi
Twoja historia wyników
Nie rozwiązałeś tego quizu